000 00407nam a22001457a 4500
020 _a978-969-23560-1-5
040 _cNUST
082 _2920 AWA
100 _aAwan, Manzoor Iqbal
_9132164
245 _aFootsteps of A Wamdering Soul/
_cManzoor Iqbal Awan
250 _a2nd
260 _aIslamabad
_bPrint X Pvt Ltd
_c2021
300 _axxx, 554
_c28cm
942 _2ddc
_cBK
_e2nd
_h920
_kAWA
999 _c615432
_d615432